000 00514nam a22001817a 4500
003 0
005 20240108130924.0
008 240108b xxu||||| |||| 00| 0 eng d
020 _a978-0-545-65601-6
050 _aFIC
_bSt5 2014
082 _aFIC
_bSt5 2014
100 _aStilton, Geronimo
245 _aThea Stilton and the missing myth
_cGeronimo Stilton
260 _aNew York
_bScholastic, Inc.
_cc2014.
300 _a158 pages :
_bcolored illustrations ;
_c20cm.
650 _aFiction.
942 _2ddc
_cBK
999 _c365813
_d365813